| 000 | 01138nmc a2200397 a 4500 | ||
|---|---|---|---|
| 003 | AR-BaBNM | ||
| 005 | 20251128204500.0 | ||
| 008 | 011101s1992 ||||||||||||||000 | spa|| | ||
| 020 | _a84-7774-099-2 | ||
| 040 | _cAR-BaBNM | ||
| 100 | 1 | _aBarnes, Douglas | |
| 245 | 1 | 0 | _aDe la comunicación al currículo |
| 250 | _a2ª ed. | ||
| 260 |
_aMadrid _bVisor _c1992 |
||
| 300 | _a204 p. | ||
| 490 | 0 |
_aAprendizaje _vv. 99 |
|
| 500 | _aIndice de autores p. 203-204 | ||
| 500 | _aPrólogo a la 1a ed. y 2a ed. por el autor | ||
| 650 | 4 | _aAPRENDIZAJE | |
| 650 | 4 | _aDESARROLLO DEL LENGUAJE | |
| 650 | 4 | _aPAPEL DEL LENGUAJE | |
| 650 | 4 | _aPARTICIPACION DEL DOCENTE | |
| 650 | 4 | _aCOMUNICACION | |
| 650 | 4 | _aPLANES EDUCACIONALES | |
| 650 | 4 | _aINTERACCION | |
| 650 | 4 | _aACTIVIDADES DE LA CLASE | |
| 650 | 4 | _aACTIVIDADES EN GRUPO | |
| 650 | 4 | _aDIFICULTADES EN EL APRENDIZAJE | |
| 653 | _aESTRATEGIAS EDUCATIVAS | ||
| 700 | 1 |
_aSánchez Barberán, Genís _etraductor |
|
| 700 | 1 |
_aMitchell Pierce, Kathryn _ecrítico |
|
| 800 | 1 | _aAlvarez, Amelia | |
| 800 | 1 |
_adel Río, Pablo _edirector |
|
| 942 | _cBK | ||
| 998 | _cCarmen | ||
| 999 |
_c7601 _d7601 |
||